000
00283nam a22001217a 4500
082
_a
823
_b
CHA/A
100
_a
CHANDRAKANTH, KAMALA
245
_a
ABHIMANYU
260
_a
MUMBAI
_b
INDI ABOOK HOUSE
520
_a
ENGLISH SHORT STORY
650
_a
ENGLISH SHORT STORY
_z
MUMBAI
942
_c
BK
999
_c
5298
_d
5298